000 00294nam a22001337a 4500
008 171020b xxu||||| |||| 00| 0 eng d
020 _a0538822465
041 _aeng
080 _23rd
_a338
100 _a54
101 _aMEN
245 _aSUPERVISORY MANAGEMENT
_cMOSLEY,D.C
942 _2udc
_cBK
999 _c35061
_d35061